| 000 | 01501naa a22004097a 4500 | ||
|---|---|---|---|
| 001 | BR8707803 | ||
| 003 | BR-BrBNA | ||
| 005 | 20240918175908.0 | ||
| 007 | ta | ||
| 008 | 230509b bl.||||| |||| 00| 0 por d | ||
| 040 |
_aBR-BrBNA _bpor _cBiblioteca Nacional de Agricultura |
||
| 041 | _a(Pt) | ||
| 072 |
_aK50 _b0510 _b0450 _b0440 _b0410 _b0460 _b8911 |
||
| 090 | _aK50 BR8707803 | ||
| 100 | 1 | _aReboucas, J.T. | |
| 100 | 1 | _aMartins, M.A.L. | |
| 111 | 1 |
_a18. Congresso Anual de Celulose e Papel _cSao Paulo, SP (Brazil) _d18-22 Nov 1985 |
|
| 245 | 1 | _aEfeito da acao do refino nas propriedades fisico-mecanicas da polpa de sisal e outras nao-madeira | |
| 246 | 1 | _a[Effect of purification in sisal chemycophysical properties] | |
| 246 | 1 | _a[Technical works of the 18. Annual Congress of Cellulose and Paper] | |
| 260 | 3 |
_aSao Paulo, SP (Brasil): _c1985. |
|
| 500 | _aTrabalhos tecnicos do 18. Congresso Anual de Celulose e Papel Sao Paulo, SP (Brasil): 1985. v. 1 p. 149-167 (BR8707803-AM)K50 | ||
| 650 | _aSISAL | ||
| 650 | _aCANHAMO DE MANILLA | ||
| 650 | _aLINTER | ||
| 650 | _aLINHO | ||
| 650 | _aKENAF | ||
| 650 | _aCANHAMO | ||
| 650 | _aREFINACAO | ||
| 650 | _aPROPRIEDADE FISICO-QUIMICA | ||
| 650 | _aPROPRIEDADE MECANICA | ||
| 650 | _aPOLPA | ||
| 650 | _aPAPEL | ||
| 773 | 0 |
_tTrabalhos tecnicos do 18. Congresso Anual de Celulose e Papel _wK50 BR8707803 _gSao Paulo, SP (Brasil), 1985. v. 1 p. 149-167 |
|
| 909 |
_a202404 _bLucia _c55 _dLucia Elande |
||
| 942 |
_cAM _2AGRIS |
||
| 999 |
_c318647 _d318647 |
||